000 00741cam a2200253 a 4500
001 000013582
005 20200929163258.0
008 970514s1996 sp 000 f spa
020 _a842064689X
035 _a(DLC) 97151367
035 _a(SpBaP)pu 960004317
040 _aDO-SdBNP
_cDLC
082 _a863.62
_bT692f
100 1 _aTorrente Ballester, Gonzalo.
_d1910-1999
_94745
245 1 0 _aFarruquiño /
_cGonzalo Torrente Ballester.
260 _aMadrid :
_bAlianza,
_c1996.
300 _a93 p. ;
_c15 cm.
490 1 _aAlianza cien
_v89
650 4 _aNovela española
_91123
650 4 _aLiteratura española
_ySIGLO XX
_93326
830 0 _aAlianza cien ;
_v89
_912832
910 _aCatalogación por copia / LC
049 _aBNGR
999 _c13201
_d13201